LEADER 01162nam 2200385 450 001 9910480367903321 005 20201204102828.0 010 $a1-928480-47-0 035 $a(CKB)4100000011033910 035 $a(MiAaPQ)EBC6321185 035 $a(EXLCZ)994100000011033910 100 $a20201204d2020 uy 0 101 0 $aeng 135 $aurcnu|||||||| 181 $ctxt$2rdacontent 182 $cc$2rdamedia 183 $acr$2rdacarrier 200 10$aSouth African accounting education $estocktake /$fJaco Fouche?, NIco van der Merwe 210 1$a[Place of publication not identified] :$cSun Press,$d[2020] 210 4$dİ2020 215 $a1 online resource (viii, 243 pages) $cillustrations 311 $a1-928480-46-2 606 $aAccounting$xStudy and teaching 608 $aElectronic books. 615 0$aAccounting$xStudy and teaching. 676 $a657.071 700 $aFouche?$b Jaco$0963668 702 $aVan der Merwe$b Nico$f1942- 801 0$bMiAaPQ 801 1$bMiAaPQ 801 2$bMiAaPQ 906 $aBOOK 912 $a9910480367903321 996 $aSouth African accounting education$92184962 997 $aUNINA LEADER 01448nam 2200481 450 001 9910796094103321 005 20200520144314.0 010 0 $a9781118652145 010 0 $a1118652142 035 $a(MiAaPQ)EBC7103919 035 $a(CKB)24989725600041 035 $a(MiAaPQ)EBC1563061 035 $a(Au-PeEL)EBL1563061 035 $a(CaPaEBR)ebr10809658 035 $a(CaONFJC)MIL546913 035 $a(OCoLC)864916826 035 $a(EXLCZ)9924989725600041 100 $a20131213d2013 uy 0 101 0 $aeng 135 $aur||||||||||| 181 $2rdacontent 182 $2rdamedia 183 $2rdacarrier 200 10$aExplaining psychological statistics /$fBarry H. Cohen 205 $aFourth edition. 210 1$aHoboken, New Jersey :$cWiley,$d2013. 210 4$d2014 215 $a1 online resource (849 pages) $cillustrations, graphs 320 $aIncludes bibliographical references and index. 606 $aPsychometrics 606 $aPsychology$xMathematical models 606 $aStatistics$xStudy and teaching (Higher) 615 0$aPsychometrics. 615 0$aPsychology$xMathematical models. 615 0$aStatistics$xStudy and teaching (Higher) 676 $a150.1/5195 700 $aCohen$b Barry H.$f1949-$0515094 801 0$bMiAaPQ 801 1$bMiAaPQ 801 2$bMiAaPQ 912 $a9910796094103321 996 $aExplaining psychological statistics$93754809 997 $aUNINA